000 00430nam a2200145Ia 4500
008 090124s9999 xx 000 0 und d
082 _b304899
245 _a कधी बहर कधी शिशिर
250 _a1
260 _bदेव यशवंत.
_c2004
300 _a159
630 _a कधी बहर कधी शिशिर
730 _a कधी बहर कधी शिशिर
942 _cBOOK
999 _c194828
_d194828